| 000 | 00819nam a2200217Ia 4500 | ||
|---|---|---|---|
| 003 | OSt | ||
| 005 | 20220830105806.0 | ||
| 008 | 210716s2016 xx 000 0 und d | ||
| 020 | _a9781785882470 | ||
| 040 | _cAIMIT LIBRARY | ||
| 041 | _aeng | ||
| 082 |
_a005.448 _21 _bMALA |
||
| 100 |
_aMalik, Amit. _956070 |
||
| 245 |
_aBuilding clouds with windows azure pack : _bbring the benefits of azure pack to your cloud service and discover the secrets of enterprise class solutions / _cBy Amit Malik. |
||
| 250 | _a1st ed. | ||
| 260 |
_aMumbai : _bPackt Publishing Ltd , _c2016 . |
||
| 300 |
_axvi, 349p. ; _bPB _c24 cm. |
||
| 650 |
_aInstalling and configuring windows azure pack _956071 |
||
| 650 |
_aAutomation and authentication- service management automation and ADFS _956072 |
||
| 942 |
_2ddc _cBK _e1st _k005.448 MALA |
||
| 999 |
_c196537 _d196537 |
||